000 00337nam a2200145Ia 4500
008 220923s9999 xx 000 0 und d
020 _a9788180388354
082 _bCHA
100 _aCHAWLA, ALKA
245 0 _aLAW OF COPYRIGHT COMPARATIVE PERSPECTIVES
260 _c2013
300 _a316
650 _aCopyright Law
942 _cBK
999 _c195531
_d195531